000
002560000a22000970004500
100
1
_a
Magín Alvarez, Luis
245
1
0
_a
El Irak que pocos conocemos
300
_a
Vol. 46, Núm 198 (1991), Páginas 16-17
773
0
_t
La Biblia de las Américas
942
_c
ANA
999
_c
51335
_d
51335